<?xml version="1.0" encoding="UTF-8"?>
<collection xmlns="http://www.loc.gov/MARC21/slim">
 <record>
  <leader>01318cam a2200337  c4500</leader>
  <controlfield tag="001">1677320893</controlfield>
  <controlfield tag="003">DE-627</controlfield>
  <controlfield tag="005">20220531074226.0</controlfield>
  <controlfield tag="007">tu</controlfield>
  <controlfield tag="008">190919s2018    gr |||||      00| ||fre c</controlfield>
  <datafield tag="020" ind1=" " ind2=" ">
   <subfield code="a">9782869583115</subfield>
   <subfield code="9">978-2-86958-311-5</subfield>
  </datafield>
  <datafield tag="035" ind1=" " ind2=" ">
   <subfield code="a">(DE-627)1677320893</subfield>
  </datafield>
  <datafield tag="035" ind1=" " ind2=" ">
   <subfield code="a">(DE-599)KXP1677320893</subfield>
  </datafield>
  <datafield tag="035" ind1=" " ind2=" ">
   <subfield code="a">(OCoLC)1158286014</subfield>
  </datafield>
  <datafield tag="040" ind1=" " ind2=" ">
   <subfield code="a">DE-627</subfield>
   <subfield code="b">ger</subfield>
   <subfield code="c">DE-627</subfield>
   <subfield code="e">rda</subfield>
  </datafield>
  <datafield tag="041" ind1=" " ind2=" ">
   <subfield code="a">fre</subfield>
  </datafield>
  <datafield tag="044" ind1=" " ind2=" ">
   <subfield code="c">XA-GR</subfield>
  </datafield>
  <datafield tag="100" ind1="1" ind2=" ">
   <subfield code="a">Holtzmann, Bernard</subfield>
   <subfield code="d">1942-</subfield>
   <subfield code="e">VerfasserIn</subfield>
   <subfield code="0">(DE-588)1056666145</subfield>
   <subfield code="0">(DE-627)794907830</subfield>
   <subfield code="0">(DE-576)412226189</subfield>
   <subfield code="4">aut</subfield>
  </datafield>
  <datafield tag="245" ind1="1" ind2="0">
   <subfield code="a">La sculpture de Thasos</subfield>
   <subfield code="n">2</subfield>
   <subfield code="p">Reliefs à thème héroïque</subfield>
   <subfield code="p">Planches</subfield>
   <subfield code="c">par Bernard Holtzmann</subfield>
  </datafield>
  <datafield tag="264" ind1=" " ind2="1">
   <subfield code="a">Athènes</subfield>
   <subfield code="b">Ecole française d'Athènes</subfield>
   <subfield code="c">2018</subfield>
  </datafield>
  <datafield tag="300" ind1=" " ind2=" ">
   <subfield code="a">LXXXIV Seiten Tafeln</subfield>
  </datafield>
  <datafield tag="336" ind1=" " ind2=" ">
   <subfield code="a">Text</subfield>
   <subfield code="b">txt</subfield>
   <subfield code="2">rdacontent</subfield>
  </datafield>
  <datafield tag="337" ind1=" " ind2=" ">
   <subfield code="a">ohne Hilfsmittel zu benutzen</subfield>
   <subfield code="b">n</subfield>
   <subfield code="2">rdamedia</subfield>
  </datafield>
  <datafield tag="338" ind1=" " ind2=" ">
   <subfield code="a">Band</subfield>
   <subfield code="b">nc</subfield>
   <subfield code="2">rdacarrier</subfield>
  </datafield>
  <datafield tag="490" ind1="1" ind2=" ">
   <subfield code="a">Études thasiennes</subfield>
   <subfield code="v">25</subfield>
  </datafield>
  <datafield tag="773" ind1="1" ind2="8">
   <subfield code="w">(DE-627)22047916X</subfield>
   <subfield code="g">2</subfield>
   <subfield code="q">2,2</subfield>
   <subfield code="7">nnnm</subfield>
  </datafield>
  <datafield tag="787" ind1="0" ind2="8">
   <subfield code="i">Rezensiert in</subfield>
   <subfield code="a">Lebentē, Iphigeneia</subfield>
   <subfield code="t">[Rezension von: Bernard Holtzmann, La sculpture de Thasos. Corpus des reliefs II]</subfield>
   <subfield code="d">2019</subfield>
   <subfield code="w">(DE-627)1804038458</subfield>
  </datafield>
  <datafield tag="830" ind1=" " ind2="0">
   <subfield code="a">Etudes thasiennes</subfield>
   <subfield code="v">25</subfield>
   <subfield code="9">25,2</subfield>
   <subfield code="w">(DE-627)232069956</subfield>
   <subfield code="w">(DE-576)005617790</subfield>
   <subfield code="w">(DE-600)1390020-1</subfield>
  </datafield>
  <datafield tag="951" ind1=" " ind2=" ">
   <subfield code="a">MV</subfield>
  </datafield>
  <datafield tag="991" ind1=" " ind2=" ">
   <subfield code="a">Rezensiertes Werk</subfield>
  </datafield>
  <datafield tag="999" ind1=" " ind2=" ">
   <subfield code="a">KXP-PPN1677320893</subfield>
   <subfield code="e">4156213153</subfield>
  </datafield>
 </record>
</collection>
